Подробности
| 000 -МАРКЕР |
| контрольное поле |
01533nam a2200277 cc4500 |
| 001 - КОНТРОЛЬНЫЙ НОМЕР ЗАПИСИ |
| контрольное поле |
000030493 |
| 003 - ПРИНАДЛЕЖНОСТЬ КОНТРОЛЬНОГО НОМЕРА |
| контрольное поле |
RuMoIPM |
| 005 - ДАТА И ВРЕМЯ ПОСЛЕДНЕЙ ТРАНЗАКЦИИ |
| контрольное поле |
20260506113542.0 |
| 008 - ЭЛЕМЕНТЫ ДАННЫХ ФИКСИРОВАННОЙ ДЛИНЫ |
| контрольное поле |
220526s1965 ru ||||| |||| 00| 0 rus d |
| 035 ## - КОНТРОЛЬНЫЙ НОМЕР СИСТЕМЫ |
| контрольный номер системы |
(RuMoBEN) 001638161 |
| 040 ## - ОРГАНИЗАЦИЯ-СОЗДАТЕЛЬ ЗАПИСИ |
| организация-создатель исходной библиографической записи |
RuMoBEN |
| язык каталогизации |
rus |
| правила каталогизации |
rcr |
| 041 ## - КОД ЯЗЫКА |
| код языка текста |
Русский |
| код языка оригинала и/или промежуточных переводов текста |
lat |
| 044 ## - КОД СТРАНЫ ПУБЛИКАЦИИ/ИЗГОТОВЛЕНИЯ |
| MARC код страны публикации/изготовления |
Российская Федерация |
| 080 ## - ИНДЕКС УНИВЕРСАЛЬНОЙ ДЕСЯТИЧНОЙ КЛАССИФИКАЦИИ |
| индекс Универсальной десятичной классификации |
531/534(0.032)(06)(083.8)(0.068) |
| 245 ## - ОБЛАСТЬ ЗАГЛАВИЯ И СВЕДЕНИЙ ОБ ОТВЕТСТВЕННОСТИ |
| заглавие |
Т. 2 |
| сведения, относящиеся к заглавию, и т. д |
Труды по механике, Ч. 1 |
| сведения об ответственности и т. д |
под ред. Г. К. Михайлова ; пер. с лат. И. А. Перельмутера |
| 260 ## - ОБЛАСТЬ ВЫХОДНЫХ ДАННЫХ |
| место публикации, распространения, изготовления и т. д |
Москва |
| -- |
Ленинград |
| издательство, издатель, распространитель и т. д |
Наука |
| дата издания, распространения и т. д |
1965 |
| 300 ## - ОБЛАСТЬ КОЛИЧЕСТВЕННОЙ ХАРАКТЕРИСТИКИ |
| объём |
571 с. |
| прочее |
ил. |
| 490 0# - ОБЛАСТЬ СЕРИИ |
| область серии |
Труды Архива / Академия наук СССР |
| обозначение и номер тома/порядковое обозначение |
Вып. 20 |
| 500 ## - ПРИМЕЧАНИЕ ОБЩЕГО ХАРАКТЕРА |
| текст примечания |
Загл. на верхней крышке пер.: Рукописные материалы Леонарда Эйлера в архиве Академии наук СССР. Том II. |
| 500 ## - ПРИМЕЧАНИЕ ОБЩЕГО ХАРАКТЕРА |
| текст примечания |
Загл. на корешке: Рукописные материалы Леонарда Эйлера. т. II. |
| 700 1# - ИМЯ ЛИЦА КАК ДОБАВОЧНЫЙ ПОИСКОВЫЙ ПРИЗНАК |
| имя лица |
Михайлов, Глеб Константинович |
| роль лица относительно произведения |
ред. |
| 700 1# - ИМЯ ЛИЦА КАК ДОБАВОЧНЫЙ ПОИСКОВЫЙ ПРИЗНАК |
| имя лица |
Перельмутер, Илья Аронович |
| роль лица относительно произведения |
пер. |
| 773 ## - ПОИСКОВЫЙ ПРИЗНАК НА ОСНОВНУЮ ЕДИНИЦУ, СОСТАВНОЙ ЧАСТЬЮ КОТОРОЙ ЯВЛЯЕТСЯ ОПИСЫВАЕМЫЙ МАТЕРИАЛ |
| место издания, издательство/издатель и дата публикации |
Москва | Ленинград: Изд-во АН СССР, 1962- |
| область серии из связываемой записи |
Труды Архива / Академия наук СССР |
| заглавие |
Рукописные материалы Л. Эйлера в Архиве Академии наук СССР |
| контрольный номер связываемой записи |
000030492 |
| 856 41 - МЕСТОНАХОЖДЕНИЕ ЭЛЕКТРОННОГО РЕСУРСА И ДОСТУП К НЕМУ |
| тип электронного формата |
PDF |
| унифицированный определитель ресурса (URI) |
<a href="https://viewer.benran.ru/ru/ben01001638161">https://viewer.benran.ru/ru/ben01001638161</a> |
| 942 ## - ДАННЫЕ О ЗАПИСИ (KOHA) |
| Тип экземпляра (KOHA) |
Книга |